| LEADER |
01251nlm0a2200241 450 |
| 001 |
16868128 |
| 010 |
|
|
|d 55
|
| 100 |
|
|
|a 20040712d1967 u u0frey01 ba
|
| 101 |
1 |
|
|c fre
|
| 200 |
0 |
|
|a Alexandre le bienheureux
|f Yves Robert, réal., scénario, dial., adapt.
|g Pierre Lévy -Corti, scénario, adapt. - Vladimir Cosma, mus. - Philippe Noiret, Marlène Jobert, Françoise Brion, ... [et al.], act.
|
| 207 |
|
1 |
|a
|
| 210 |
|
|
|a France
|c La Guéville
|d 1967
|
| 215 |
|
|
|a 1 DVD vidéo monoface zone 2 (1 h 41)
|c 16/9, coul. (PAL), son. (mono)
|
| 330 |
|
|
|a Lorsque sa femme meurt, Alexandre décide de se consacrer à sa grande passion: la paresse. Il se couche pour plusieurs semaines. Son chien lui rapporte les provisions que lui sert la jolie Agathe, qui finit par le séduire. Mais, au moment de l'épouser, il se ravise, sa liberté et sa paresse risquant d'être compromises.
|
| 700 |
|
0 |
|a Robert
|b Yves
|f 1920-2002
|4 90
|
| 702 |
|
0 |
|a Noiret
|b Philippe
|4 590
|
| 702 |
|
0 |
|a Brion
|b Françoise
|4 590
|
| 702 |
|
0 |
|a Lévy -Corti
|b Pierre
|4 690
|
| 702 |
|
0 |
|a Cosma
|b Vladimir
|4 230
|
| 702 |
|
0 |
|a Jobert
|b Marlène
|4 590
|
| 900 |
|
|
|a Film
|
| 901 |
|
|
|a Adultes
|
| 995 |
|
|
|a Médiathèque
|c Médiathèque
|f 00156006103808
|h 00156006103808
|k F ROB
|o p
|q a
|r gf
|e Médiathèque
|